<?xml version="1.0" encoding="UTF-8"?>
<collection xmlns="http://www.loc.gov/MARC21/slim">
<record>
  <controlfield tag="001">1558412</controlfield>
  <controlfield tag="005">20241120163657.0</controlfield>
  <datafield tag="024" ind1="8" ind2=" ">
    <subfield code="a">oai:cds.cern.ch:1558412</subfield>
    <subfield code="p">cerncds:FULLTEXT</subfield>
  </datafield>
  <datafield tag="960" ind1=" " ind2=" ">
    <subfield code="a">81</subfield>
  </datafield>
  <datafield tag="963" ind1=" " ind2=" ">
    <subfield code="a">PUBLIC</subfield>
  </datafield>
  <datafield tag="980" ind1=" " ind2=" ">
    <subfield code="a">PHOTOLAB</subfield>
  </datafield>
  <datafield tag="595" ind1=" " ind2=" ">
    <subfield code="a">CERN EDS</subfield>
  </datafield>
  <datafield tag="650" ind1="1" ind2="7">
    <subfield code="2">SzGeCERN</subfield>
    <subfield code="a">Life at CERN</subfield>
  </datafield>
  <datafield tag="037" ind1=" " ind2=" ">
    <subfield code="a">CERN-GE-1306168</subfield>
  </datafield>
  <datafield tag="041" ind1=" " ind2=" ">
    <subfield code="a">eng</subfield>
  </datafield>
  <datafield tag="100" ind1=" " ind2=" ">
    <subfield code="a">Anna Pantelia</subfield>
  </datafield>
  <datafield tag="245" ind1=" " ind2=" ">
    <subfield code="a">EuCARD'13 photos</subfield>
  </datafield>
  <datafield tag="269" ind1=" " ind2=" ">
    <subfield code="c">12 Jun 2013</subfield>
  </datafield>
  <datafield tag="340" ind1=" " ind2=" ">
    <subfield code="a">DIGITAL</subfield>
  </datafield>
  <datafield tag="542" ind1=" " ind2=" ">
    <subfield code="d">CERN</subfield>
    <subfield code="g">2013</subfield>
  </datafield>
  <datafield tag="859" ind1=" " ind2=" ">
    <subfield code="f">anna.pantelia@cern.ch</subfield>
  </datafield>
  <datafield tag="903" ind1=" " ind2=" ">
    <subfield code="s">public</subfield>
  </datafield>
  <datafield tag="260" ind1=" " ind2=" ">
    <subfield code="c">2013</subfield>
  </datafield>
  <datafield tag="653" ind1="1" ind2=" ">
    <subfield code="a">EuCARD'13</subfield>
    <subfield code="9">CERN</subfield>
  </datafield>
  <datafield tag="856" ind1="7" ind2=" ">
    <subfield code="8"></subfield>
    <subfield code="2">MediaArchive</subfield>
    <subfield code="d">\\cern.ch\dfs\Services\MediaArchive\Photo\Masters\2013\1306168\1306168.jpg</subfield>
    <subfield code="x">Absolute master path</subfield>
  </datafield>
  <datafield tag="856" ind1="4" ind2=" ">
    <subfield code="8">2621605</subfield>
    <subfield code="s">22926638</subfield>
    <subfield code="u">http://cds.cern.ch/record/1558412/files/1306168_01.jpg</subfield>
    <subfield code="z">CDSINTERNAL|MediaArchive|Migrated from: \\cern.ch\dfs\Services\MediaArchive\Photo\Masters\2013\1306168\1306168_01.jpg</subfield>
  </datafield>
  <datafield tag="856" ind1="4" ind2=" ">
    <subfield code="8">2621606</subfield>
    <subfield code="s">20587421</subfield>
    <subfield code="u">http://cds.cern.ch/record/1558412/files/1306168_04.jpg</subfield>
    <subfield code="z">CDSINTERNAL|MediaArchive|Migrated from: \\cern.ch\dfs\Services\MediaArchive\Photo\Masters\2013\1306168\1306168_04.jpg</subfield>
  </datafield>
  <datafield tag="856" ind1="4" ind2=" ">
    <subfield code="8">2621607</subfield>
    <subfield code="s">19667204</subfield>
    <subfield code="u">http://cds.cern.ch/record/1558412/files/1306168_05.jpg</subfield>
    <subfield code="z">CDSINTERNAL|MediaArchive|Migrated from: \\cern.ch\dfs\Services\MediaArchive\Photo\Masters\2013\1306168\1306168_05.jpg</subfield>
  </datafield>
  <datafield tag="856" ind1="4" ind2=" ">
    <subfield code="8">2621608</subfield>
    <subfield code="s">24381483</subfield>
    <subfield code="u">http://cds.cern.ch/record/1558412/files/1306168_03.jpg</subfield>
    <subfield code="z">CDSINTERNAL|MediaArchive|Migrated from: \\cern.ch\dfs\Services\MediaArchive\Photo\Masters\2013\1306168\1306168_03.jpg</subfield>
  </datafield>
  <datafield tag="856" ind1="4" ind2=" ">
    <subfield code="8">2621609</subfield>
    <subfield code="s">27845705</subfield>
    <subfield code="u">http://cds.cern.ch/record/1558412/files/1306168_02.jpg</subfield>
    <subfield code="z">CDSINTERNAL|MediaArchive|Migrated from: \\cern.ch\dfs\Services\MediaArchive\Photo\Masters\2013\1306168\1306168_02.jpg</subfield>
  </datafield>
  <datafield tag="856" ind1="4" ind2=" ">
    <subfield code="8">2621610</subfield>
    <subfield code="s">27907033</subfield>
    <subfield code="u">http://cds.cern.ch/record/1558412/files/1306168_06.jpg</subfield>
    <subfield code="z">CDSINTERNAL|MediaArchive|Migrated from: \\cern.ch\dfs\Services\MediaArchive\Photo\Masters\2013\1306168\1306168_06.jpg</subfield>
  </datafield>
  <datafield tag="856" ind1="4" ind2=" ">
    <subfield code="8">2621605</subfield>
    <subfield code="s">10559</subfield>
    <subfield code="u">http://cds.cern.ch/record/1558412/files/1306168_01.jpg?subformat=icon-180</subfield>
    <subfield code="x">icon-180</subfield>
    <subfield code="z">CDSINTERNAL|MediaArchive|Migrated from: http://mediaarchive.cern.ch/MediaArchive/Photo/Public/2013/1306168/1306168_01/1306168_01-Icon.jpg</subfield>
  </datafield>
  <datafield tag="856" ind1="4" ind2=" ">
    <subfield code="8">2621605</subfield>
    <subfield code="s">376721</subfield>
    <subfield code="u">http://cds.cern.ch/record/1558412/files/1306168_01.jpg?subformat=icon-1440</subfield>
    <subfield code="x">icon-1440</subfield>
    <subfield code="z">CDSINTERNAL|MediaArchive|Migrated from: http://mediaarchive.cern.ch/MediaArchive/Photo/Public/2013/1306168/1306168_01/1306168_01-A4-at-144-dpi.jpg</subfield>
  </datafield>
  <datafield tag="856" ind1="4" ind2=" ">
    <subfield code="8">2621605</subfield>
    <subfield code="s">63113</subfield>
    <subfield code="u">http://cds.cern.ch/record/1558412/files/1306168_01.jpg?subformat=icon-720</subfield>
    <subfield code="x">icon-720</subfield>
    <subfield code="z">CDSINTERNAL|MediaArchive|Migrated from: http://mediaarchive.cern.ch/MediaArchive/Photo/Public/2013/1306168/1306168_01/1306168_01-A5-at-72-dpi.jpg</subfield>
  </datafield>
  <datafield tag="856" ind1="4" ind2=" ">
    <subfield code="8">2621606</subfield>
    <subfield code="s">267292</subfield>
    <subfield code="u">http://cds.cern.ch/record/1558412/files/1306168_04.jpg?subformat=icon-1440</subfield>
    <subfield code="x">icon-1440</subfield>
    <subfield code="z">CDSINTERNAL|MediaArchive|Migrated from: http://mediaarchive.cern.ch/MediaArchive/Photo/Public/2013/1306168/1306168_04/1306168_04-A4-at-144-dpi.jpg</subfield>
  </datafield>
  <datafield tag="856" ind1="4" ind2=" ">
    <subfield code="8">2621606</subfield>
    <subfield code="s">39681</subfield>
    <subfield code="u">http://cds.cern.ch/record/1558412/files/1306168_04.jpg?subformat=icon-720</subfield>
    <subfield code="x">icon-720</subfield>
    <subfield code="z">CDSINTERNAL|MediaArchive|Migrated from: http://mediaarchive.cern.ch/MediaArchive/Photo/Public/2013/1306168/1306168_04/1306168_04-A5-at-72-dpi.jpg</subfield>
  </datafield>
  <datafield tag="856" ind1="4" ind2=" ">
    <subfield code="8">2621606</subfield>
    <subfield code="s">6936</subfield>
    <subfield code="u">http://cds.cern.ch/record/1558412/files/1306168_04.jpg?subformat=icon-180</subfield>
    <subfield code="x">icon-180</subfield>
    <subfield code="z">CDSINTERNAL|MediaArchive|Migrated from: http://mediaarchive.cern.ch/MediaArchive/Photo/Public/2013/1306168/1306168_04/1306168_04-Icon.jpg</subfield>
  </datafield>
  <datafield tag="856" ind1="4" ind2=" ">
    <subfield code="8">2621607</subfield>
    <subfield code="s">284530</subfield>
    <subfield code="u">http://cds.cern.ch/record/1558412/files/1306168_05.jpg?subformat=icon-1440</subfield>
    <subfield code="x">icon-1440</subfield>
    <subfield code="z">CDSINTERNAL|MediaArchive|Migrated from: http://mediaarchive.cern.ch/MediaArchive/Photo/Public/2013/1306168/1306168_05/1306168_05-A4-at-144-dpi.jpg</subfield>
  </datafield>
  <datafield tag="856" ind1="4" ind2=" ">
    <subfield code="8">2621607</subfield>
    <subfield code="s">40748</subfield>
    <subfield code="u">http://cds.cern.ch/record/1558412/files/1306168_05.jpg?subformat=icon-720</subfield>
    <subfield code="x">icon-720</subfield>
    <subfield code="z">CDSINTERNAL|MediaArchive|Migrated from: http://mediaarchive.cern.ch/MediaArchive/Photo/Public/2013/1306168/1306168_05/1306168_05-A5-at-72-dpi.jpg</subfield>
  </datafield>
  <datafield tag="856" ind1="4" ind2=" ">
    <subfield code="8">2621607</subfield>
    <subfield code="s">6949</subfield>
    <subfield code="u">http://cds.cern.ch/record/1558412/files/1306168_05.jpg?subformat=icon-180</subfield>
    <subfield code="x">icon-180</subfield>
    <subfield code="z">CDSINTERNAL|MediaArchive|Migrated from: http://mediaarchive.cern.ch/MediaArchive/Photo/Public/2013/1306168/1306168_05/1306168_05-Icon.jpg</subfield>
  </datafield>
  <datafield tag="856" ind1="4" ind2=" ">
    <subfield code="8">2621608</subfield>
    <subfield code="s">11620</subfield>
    <subfield code="u">http://cds.cern.ch/record/1558412/files/1306168_03.jpg?subformat=icon-180</subfield>
    <subfield code="x">icon-180</subfield>
    <subfield code="z">CDSINTERNAL|MediaArchive|Migrated from: http://mediaarchive.cern.ch/MediaArchive/Photo/Public/2013/1306168/1306168_03/1306168_03-Icon.jpg</subfield>
  </datafield>
  <datafield tag="856" ind1="4" ind2=" ">
    <subfield code="8">2621608</subfield>
    <subfield code="s">438002</subfield>
    <subfield code="u">http://cds.cern.ch/record/1558412/files/1306168_03.jpg?subformat=icon-1440</subfield>
    <subfield code="x">icon-1440</subfield>
    <subfield code="z">CDSINTERNAL|MediaArchive|Migrated from: http://mediaarchive.cern.ch/MediaArchive/Photo/Public/2013/1306168/1306168_03/1306168_03-A4-at-144-dpi.jpg</subfield>
  </datafield>
  <datafield tag="856" ind1="4" ind2=" ">
    <subfield code="8">2621608</subfield>
    <subfield code="s">73612</subfield>
    <subfield code="u">http://cds.cern.ch/record/1558412/files/1306168_03.jpg?subformat=icon-720</subfield>
    <subfield code="x">icon-720</subfield>
    <subfield code="z">CDSINTERNAL|MediaArchive|Migrated from: http://mediaarchive.cern.ch/MediaArchive/Photo/Public/2013/1306168/1306168_03/1306168_03-A5-at-72-dpi.jpg</subfield>
  </datafield>
  <datafield tag="856" ind1="4" ind2=" ">
    <subfield code="8">2621609</subfield>
    <subfield code="s">339182</subfield>
    <subfield code="u">http://cds.cern.ch/record/1558412/files/1306168_02.jpg?subformat=icon-1440</subfield>
    <subfield code="x">icon-1440</subfield>
    <subfield code="z">CDSINTERNAL|MediaArchive|Migrated from: http://mediaarchive.cern.ch/MediaArchive/Photo/Public/2013/1306168/1306168_02/1306168_02-A4-at-144-dpi.jpg</subfield>
  </datafield>
  <datafield tag="856" ind1="4" ind2=" ">
    <subfield code="8">2621609</subfield>
    <subfield code="s">45886</subfield>
    <subfield code="u">http://cds.cern.ch/record/1558412/files/1306168_02.jpg?subformat=icon-720</subfield>
    <subfield code="x">icon-720</subfield>
    <subfield code="z">CDSINTERNAL|MediaArchive|Migrated from: http://mediaarchive.cern.ch/MediaArchive/Photo/Public/2013/1306168/1306168_02/1306168_02-A5-at-72-dpi.jpg</subfield>
  </datafield>
  <datafield tag="856" ind1="4" ind2=" ">
    <subfield code="8">2621609</subfield>
    <subfield code="s">7448</subfield>
    <subfield code="u">http://cds.cern.ch/record/1558412/files/1306168_02.jpg?subformat=icon-180</subfield>
    <subfield code="x">icon-180</subfield>
    <subfield code="z">CDSINTERNAL|MediaArchive|Migrated from: http://mediaarchive.cern.ch/MediaArchive/Photo/Public/2013/1306168/1306168_02/1306168_02-Icon.jpg</subfield>
  </datafield>
  <datafield tag="856" ind1="4" ind2=" ">
    <subfield code="8">2621610</subfield>
    <subfield code="s">11452</subfield>
    <subfield code="u">http://cds.cern.ch/record/1558412/files/1306168_06.jpg?subformat=icon-180</subfield>
    <subfield code="x">icon-180</subfield>
    <subfield code="z">CDSINTERNAL|MediaArchive|Migrated from: http://mediaarchive.cern.ch/MediaArchive/Photo/Public/2013/1306168/1306168_06/1306168_06-Icon.jpg</subfield>
  </datafield>
  <datafield tag="856" ind1="4" ind2=" ">
    <subfield code="8">2621610</subfield>
    <subfield code="s">444352</subfield>
    <subfield code="u">http://cds.cern.ch/record/1558412/files/1306168_06.jpg?subformat=icon-1440</subfield>
    <subfield code="x">icon-1440</subfield>
    <subfield code="z">CDSINTERNAL|MediaArchive|Migrated from: http://mediaarchive.cern.ch/MediaArchive/Photo/Public/2013/1306168/1306168_06/1306168_06-A4-at-144-dpi.jpg</subfield>
  </datafield>
  <datafield tag="856" ind1="4" ind2=" ">
    <subfield code="8">2621610</subfield>
    <subfield code="s">72751</subfield>
    <subfield code="u">http://cds.cern.ch/record/1558412/files/1306168_06.jpg?subformat=icon-720</subfield>
    <subfield code="x">icon-720</subfield>
    <subfield code="z">CDSINTERNAL|MediaArchive|Migrated from: http://mediaarchive.cern.ch/MediaArchive/Photo/Public/2013/1306168/1306168_06/1306168_06-A5-at-72-dpi.jpg</subfield>
  </datafield>
  <datafield tag="923" ind1=" " ind2=" ">
    <subfield code="r">Merethe Morer-Olafsen &lt;Merethe.Olafsen@cern.ch></subfield>
  </datafield>
</record>
<record>
  <controlfield tag="001">2708820</controlfield>
  <controlfield tag="005">20210110004741.0</controlfield>
  <datafield tag="041" ind1=" " ind2=" ">
    <subfield code="a">eng</subfield>
  </datafield>
  <datafield tag="088" ind1=" " ind2=" ">
    <subfield code="a">DO-32341/SMB/SC</subfield>
  </datafield>
  <datafield tag="245" ind1=" " ind2=" ">
    <subfield code="a">Supply of Office Furniture</subfield>
  </datafield>
  <datafield tag="245" ind1=" " ind2=" ">
    <subfield code="b">12010100M</subfield>
  </datafield>
  <datafield tag="506" ind1=" " ind2=" ">
    <subfield code="e">archived</subfield>
    <subfield code="m">E-tendering_Archives_Purchase_Egroups [CERN]</subfield>
  </datafield>
  <datafield tag="595" ind1=" " ind2=" ">
    <subfield code="a">CERN EDS</subfield>
  </datafield>
  <datafield tag="650" ind1="1" ind2="7">
    <subfield code="2">SzGeCERN</subfield>
    <subfield code="a">Limited Tendering</subfield>
  </datafield>
  <datafield tag="690" ind1="C" ind2=" ">
    <subfield code="a">DO</subfield>
  </datafield>
  <datafield tag="856" ind1="4" ind2=" ">
    <subfield code="8">1598954</subfield>
    <subfield code="s">568122</subfield>
    <subfield code="u">http://cds.cern.ch/record/2708820/files/CERN-FC-6211-I.pdf</subfield>
  </datafield>
  <datafield tag="856" ind1="4" ind2=" ">
    <subfield code="8">1598955</subfield>
    <subfield code="s">633018</subfield>
    <subfield code="u">http://cds.cern.ch/record/2708820/files/CERN-FC-6211-II.pdf</subfield>
  </datafield>
  <datafield tag="856" ind1="4" ind2=" ">
    <subfield code="8">1598956</subfield>
    <subfield code="s">621026</subfield>
    <subfield code="u">http://cds.cern.ch/record/2708820/files/DO-32341_Technical_Specification.pdf</subfield>
  </datafield>
  <datafield tag="856" ind1="4" ind2=" ">
    <subfield code="8">1598957</subfield>
    <subfield code="s">448040</subfield>
    <subfield code="u">http://cds.cern.ch/record/2708820/files/DO-32341_Tender_Form.pdf</subfield>
  </datafield>
  <datafield tag="856" ind1="4" ind2=" ">
    <subfield code="8">1598957</subfield>
    <subfield code="s">96612</subfield>
    <subfield code="u">http://cds.cern.ch/record/2708820/files/DO-32341_Tender_Form.docx</subfield>
  </datafield>
  <datafield tag="856" ind1="4" ind2=" ">
    <subfield code="8">1598973</subfield>
    <subfield code="s">195697</subfield>
    <subfield code="u">http://cds.cern.ch/record/2708820/files/DO-32341_Annex_A_Questionnaire.docx</subfield>
  </datafield>
  <datafield tag="856" ind1="4" ind2=" ">
    <subfield code="8">1598973</subfield>
    <subfield code="s">687133</subfield>
    <subfield code="u">http://cds.cern.ch/record/2708820/files/DO-32341_Annex_A_Questionnaire.pdf</subfield>
  </datafield>
  <datafield tag="856" ind1="4" ind2=" ">
    <subfield code="8">1598959</subfield>
    <subfield code="s">60186</subfield>
    <subfield code="u">http://cds.cern.ch/record/2708820/files/DO-32341_Annex_B_Price_Table.xlsx</subfield>
  </datafield>
  <datafield tag="856" ind1="4" ind2=" ">
    <subfield code="8">1598960</subfield>
    <subfield code="s">1146444</subfield>
    <subfield code="u">http://cds.cern.ch/record/2708820/files/Working_on_the_CERN_site_Prestations_sur_le_site_du_CERN.pdf</subfield>
  </datafield>
  <datafield tag="856" ind1="4" ind2=" ">
    <subfield code="8">1601280</subfield>
    <subfield code="s">81382</subfield>
    <subfield code="u">http://cds.cern.ch/record/2708820/files/DO-32341_Clarification1_rev2.pdf</subfield>
  </datafield>
  <datafield tag="856" ind1="4" ind2=" ">
    <subfield code="8">1601960</subfield>
    <subfield code="s">400041</subfield>
    <subfield code="u">http://cds.cern.ch/record/2708820/files/DO-32341_Clarification2.pdf</subfield>
  </datafield>
  <datafield tag="859" ind1=" " ind2=" ">
    <subfield code="f">sandra.benoit@cern.ch</subfield>
  </datafield>
  <datafield tag="903" ind1=" " ind2=" ">
    <subfield code="s">private</subfield>
  </datafield>
  <datafield tag="916" ind1=" " ind2=" ">
    <subfield code="s">n</subfield>
    <subfield code="w">202006</subfield>
  </datafield>
  <datafield tag="925" ind1=" " ind2=" ">
    <subfield code="a">2020-02-07</subfield>
  </datafield>
  <datafield tag="925" ind1=" " ind2=" ">
    <subfield code="b">2020-03-16</subfield>
  </datafield>
  <datafield tag="925" ind1=" " ind2=" ">
    <subfield code="h">16:00</subfield>
  </datafield>
  <datafield tag="960" ind1=" " ind2=" ">
    <subfield code="a">66</subfield>
  </datafield>
  <datafield tag="980" ind1=" " ind2=" ">
    <subfield code="a">DO_REST</subfield>
  </datafield>
</record>
<record>
  <controlfield tag="001">2710322</controlfield>
  <controlfield tag="005">20201221003821.0</controlfield>
  <datafield tag="037" ind1=" " ind2=" ">
    <subfield code="a">REPLY_DO-32390_SMB_SC_AA-100</subfield>
  </datafield>
  <datafield tag="245" ind1=" " ind2=" ">
    <subfield code="a">DO-32390/SMB/SC</subfield>
  </datafield>
  <datafield tag="650" ind1="1" ind2="7">
    <subfield code="b">Supply</subfield>
  </datafield>
  <datafield tag="110" ind1=" " ind2=" ">
    <subfield code="a">ABOVO AG</subfield>
    <subfield code="g">AA</subfield>
  </datafield>
  <datafield tag="925" ind1=" " ind2=" ">
    <subfield code="a">2020-2-19</subfield>
    <subfield code="b">2020-02-25</subfield>
  </datafield>
  <datafield tag="980" ind1=" " ind2=" ">
    <subfield code="a">ARCHIVED_BIDS</subfield>
  </datafield>
  <datafield tag="541" ind1=" " ind2=" ">
    <subfield code="h">15612.35</subfield>
  </datafield>
  <datafield tag="541" ind1=" " ind2=" ">
    <subfield code="9">15612.36</subfield>
  </datafield>
  <datafield tag="541" ind1=" " ind2=" ">
    <subfield code="d">YES</subfield>
  </datafield>
  <datafield tag="365" ind1=" " ind2=" ">
    <subfield code="c">EUR</subfield>
  </datafield>
  <datafield tag="365" ind1=" " ind2=" ">
    <subfield code="e">1.0605</subfield>
  </datafield>
  <datafield tag="506" ind1=" " ind2=" ">
    <subfield code="m">E-tendering_Archives_Purchase_Egroups [CERN]</subfield>
  </datafield>
  <datafield tag="044" ind1=" " ind2=" ">
    <subfield code="a">CN</subfield>
    <subfield code="b">50</subfield>
  </datafield>
  <datafield tag="044" ind1=" " ind2=" ">
    <subfield code="a">KS</subfield>
    <subfield code="b">12.5</subfield>
  </datafield>
  <datafield tag="044" ind1=" " ind2=" ">
    <subfield code="a">MY</subfield>
    <subfield code="b">25</subfield>
  </datafield>
  <datafield tag="044" ind1=" " ind2=" ">
    <subfield code="a">US</subfield>
    <subfield code="b">12.5</subfield>
  </datafield>
  <datafield tag="859" ind1=" " ind2=" ">
    <subfield code="f">info@abovo.ch</subfield>
  </datafield>
  <datafield tag="856" ind1="4" ind2=" ">
    <subfield code="8">1600645</subfield>
    <subfield code="s">303902</subfield>
    <subfield code="u">http://cds.cern.ch/record/2710322/files/C10046_SOUS-GANT.pdf</subfield>
    <subfield code="y">TDS_C10046_SOUS-GANT</subfield>
  </datafield>
  <datafield tag="856" ind1="4" ind2=" ">
    <subfield code="8">1600646</subfield>
    <subfield code="s">86705</subfield>
    <subfield code="u">http://cds.cern.ch/record/2710322/files/C10102P11_Bouffant.pdf</subfield>
    <subfield code="y">TDS_C10102P11_Bouffant</subfield>
  </datafield>
  <datafield tag="856" ind1="4" ind2=" ">
    <subfield code="8">1600647</subfield>
    <subfield code="s">635714</subfield>
    <subfield code="u">http://cds.cern.ch/record/2710322/files/C03434_Masque.pdf</subfield>
    <subfield code="y">TDS_C03434_Masque</subfield>
  </datafield>
  <datafield tag="856" ind1="4" ind2=" ">
    <subfield code="8">1600648</subfield>
    <subfield code="s">130824</subfield>
    <subfield code="u">http://cds.cern.ch/record/2710322/files/C10071_Masque.pdf</subfield>
    <subfield code="y">TDS_C10071_Masque</subfield>
  </datafield>
  <datafield tag="856" ind1="4" ind2=" ">
    <subfield code="8">1600649</subfield>
    <subfield code="s">3764759</subfield>
    <subfield code="u">http://cds.cern.ch/record/2710322/files/C10089_Overall.pdf</subfield>
    <subfield code="y">TDS_C10089_Overall</subfield>
  </datafield>
  <datafield tag="856" ind1="4" ind2=" ">
    <subfield code="8">1600650</subfield>
    <subfield code="s">131584</subfield>
    <subfield code="u">http://cds.cern.ch/record/2710322/files/C10930_Surchaussure.pdf</subfield>
    <subfield code="y">TDS_C10930_Surchaussure</subfield>
  </datafield>
  <datafield tag="856" ind1="4" ind2=" ">
    <subfield code="8">1600651</subfield>
    <subfield code="s">217942</subfield>
    <subfield code="u">http://cds.cern.ch/record/2710322/files/C03610_Surchaussure.pdf</subfield>
    <subfield code="y">TDS_C03610_Surchaussure</subfield>
  </datafield>
  <datafield tag="856" ind1="4" ind2=" ">
    <subfield code="8">1600652</subfield>
    <subfield code="s">188932</subfield>
    <subfield code="u">http://cds.cern.ch/record/2710322/files/C03503_Manchette.pdf</subfield>
    <subfield code="y">TDS_C03503_Manchette</subfield>
  </datafield>
  <datafield tag="856" ind1="4" ind2=" ">
    <subfield code="8">1600653</subfield>
    <subfield code="s">212997</subfield>
    <subfield code="u">http://cds.cern.ch/record/2710322/files/C7000_Gant.pdf</subfield>
    <subfield code="y">TDS_C7000_Gant</subfield>
  </datafield>
  <datafield tag="856" ind1="4" ind2=" ">
    <subfield code="8">1600654</subfield>
    <subfield code="s">355160</subfield>
    <subfield code="u">http://cds.cern.ch/record/2710322/files/C10118_Gant.pdf</subfield>
    <subfield code="y">TDS_C10118_Gant</subfield>
  </datafield>
  <datafield tag="856" ind1="4" ind2=" ">
    <subfield code="8">1600655</subfield>
    <subfield code="s">2331501</subfield>
    <subfield code="u">http://cds.cern.ch/record/2710322/files/C11002_Gant.pdf</subfield>
    <subfield code="y">TDS_C11002_Gant</subfield>
  </datafield>
  <datafield tag="856" ind1="4" ind2=" ">
    <subfield code="8">1600656</subfield>
    <subfield code="s">530530</subfield>
    <subfield code="u">http://cds.cern.ch/record/2710322/files/C06040_Tissu.pdf</subfield>
    <subfield code="y">TDS_C06040_Tissu</subfield>
  </datafield>
  <datafield tag="856" ind1="4" ind2=" ">
    <subfield code="8">1600657</subfield>
    <subfield code="s">543695</subfield>
    <subfield code="u">http://cds.cern.ch/record/2710322/files/C10301_Tissu.pdf</subfield>
    <subfield code="y">TDS_C10301_Tissu</subfield>
  </datafield>
  <datafield tag="856" ind1="4" ind2=" ">
    <subfield code="8">1600658</subfield>
    <subfield code="s">187416</subfield>
    <subfield code="u">http://cds.cern.ch/record/2710322/files/C06018_Tissu.pdf</subfield>
    <subfield code="y">TDS_C06018_Tissu</subfield>
  </datafield>
  <datafield tag="856" ind1="4" ind2=" ">
    <subfield code="8">1600659</subfield>
    <subfield code="s">187416</subfield>
    <subfield code="u">http://cds.cern.ch/record/2710322/files/C060189_Tissu.pdf</subfield>
    <subfield code="y">TDS_C060189_Tissu</subfield>
  </datafield>
  <datafield tag="856" ind1="4" ind2=" ">
    <subfield code="8">1600660</subfield>
    <subfield code="s">5967721</subfield>
    <subfield code="u">http://cds.cern.ch/record/2710322/files/CP10206_Tapis.pdf</subfield>
    <subfield code="y">TDS_CP10206_Tapis</subfield>
  </datafield>
  <datafield tag="856" ind1="4" ind2=" ">
    <subfield code="8">1600661</subfield>
    <subfield code="s">260628</subfield>
    <subfield code="u">http://cds.cern.ch/record/2710322/files/CP10207_Tapis.pdf</subfield>
    <subfield code="y">TDS_CP10207_Tapis</subfield>
  </datafield>
  <datafield tag="856" ind1="4" ind2=" ">
    <subfield code="8">1600662</subfield>
    <subfield code="s">2567008</subfield>
    <subfield code="u">http://cds.cern.ch/record/2710322/files/OFFRE_DO32390_Tender_Form_SIGNEE.pdf</subfield>
    <subfield code="y">OFFRE_DO32390_Tender_Form_SIGNEE</subfield>
  </datafield>
  <datafield tag="856" ind1="4" ind2=" ">
    <subfield code="8">1600663</subfield>
    <subfield code="s">1695130</subfield>
    <subfield code="u">http://cds.cern.ch/record/2710322/files/PRESENTATION_ENTREPRISE.pdf</subfield>
    <subfield code="y">PRESENTATION_ENTREPRISE</subfield>
  </datafield>
  <datafield tag="856" ind1="4" ind2=" ">
    <subfield code="8">1600664</subfield>
    <subfield code="s">65125</subfield>
    <subfield code="u">http://cds.cern.ch/record/2710322/files/OFFRE_PRIX.xlsx</subfield>
    <subfield code="y">OFFRE_PRIX</subfield>
  </datafield>
</record>

</collection>